000
00335nam a22001457a 4500
008
230414b ||||| |||| 00| 0 eng d
020
_a
9780749463076
041
_a
eng
080
_2
FIRST EDITION
_a
34
082
_a
34SLO
100
_a
31
101
_a
JUREDIK
245
_a
A GUIDE TO OPEN INNOVATION
_c
SLOANE.P
942
_2
udc
_c
BK
999
_c
59554
_d
59554